History Chain Game - Statistics

General Stats
  • This quiz has been taken 84 times
  • The average score is 17 of 29
Answer Stats
Hint Answer % Correct
The most common name of French kings Louis
93%
Creature Hannibal crossed the Alps with Elephant
86%
The Lionheart Richard
86%
Macedonian conqueror Alexander
85%
Birthplace of democracy Athens
85%
Emperor associated with the Great Fire of Rome Nero
83%
Site of Chinese protests in 1989 Tiananmen
80%
French battle in ww2 fought to evacuate Allied troops Dunkirk
79%
First Emperor of France Napoleon
79%
Modern day Ceylon Sri Lanka
79%
Grandson of Genghis Kublai
75%
First human in outer space Yuri Gagarin
75%
Archaic human species Neanderthal
73%
English house of the white rose York
73%
Fifth wife of King Henry Katherine
72%
Ancient language of India Sanskrit
66%
Believed location of the ruins of Troy Turkey
63%
Location of the Sumerians Iraq
59%
Title of executed monarch Mary Queen of Scots
55%
A series of religious wars in Palestine Crusades
49%
Primary site of the First Punic War Sicily
44%
Prominent standard of Rome Eagle
38%
Military dictatorship of Japan (1192-1867) Shogunate
34%
Given first name of author George Orwell (It isn't George!) Eric
20%
One of three great Athenian playwrights Euripides
18%
Athenian system designed to prevent tyranny Ostracism
10%
Site of ancient volcanic eruption Santorini
10%
Queen of Heaven in ancient Mesopotamia Inanna
8%
Site of the Lion Gate Mycenae
6%
No matching quizzes found
Score Distribution
Percent of People with Each Score
Percentile by Number Answered
Your Score History
You have not taken this quiz